000 00361nam a2200133 i 4500
001 bg
100 1 _aÚWIERZBOWSKA-KOWALIK, Ewa
245 0 _aStudia przemienne :
_bdiagnoza, ocena propozycje modelowe /
_cEwa Úwierzbowska-Kowalik.
260 _aWarszawa,
_c1980.
040 _cBPK
041 _apol
942 _cKS
008 s pl f |000 0 pol
999 _c21592
_d21592
856 _uhttp://koha.tu.koszalin.pl/cgi-bin/koha/opac-detail.pl?biblionumber=21592
_yKatalog online BPK